000 00641nam a2200193Ia 4500
003 GCL
008 140319s9999 xx 000 0 ara d
040 _aGCL /
_cGCL
082 0 4 _a882
_bا م
100 1 _aامين سلامة
245 1 0 _aمن مسرحيات سوفوكليس اجاكس الكترا (هدية من الاديب عبدالفتاح الجمل) /
_cامين سلامة
700 1 _aمتولى نجيب
300 _a112 ص
490 _aالكتاب الماسى
_v0
650 0 4 _aالادب
650 0 4 _aالمسرحيات اليونانية
650 0 4 _aالادب اليونانى القديم
942 _2ddc
_cBK
999 _c39492
_d39492